000 00714 a2200217 4500
005 20251028125511.0
008 251028b |||||||| |||| 00| 0 eng d
020 _a9781041114475 (hbk)
037 _cTB
040 _aCRL
_cCRL
041 _2eng
_aeng
084 _aS R5
_qCRL
100 _aPandit, Shilpa
_9821427
245 _aIntroduction to psychology:
_bglobal outlook, Indian perspectives
260 _aLondon, UK;
_aNew York, USA:
_bRoutledge,
_c2025.
300 _alv, 384p.
365 _b1995.00
_cINR
650 _aPsychology
_9849691
942 _cTB
_2CC
_n0
_hS R5
999 _c1435506
_d1435506